000
00287nam a22001337a 4500
008
170224b xxu||||| |||| 00| 0 eng d
020
_a
9780721681863
041
_a
eng
080
_a
617
100
_a
6
101
_a
SHK
245
_a
ESSEANTIALS OF SURGERY
_c
FACS.R.A
942
_2
udc
_c
BK
999
_c
6204
_d
6204